Online
Catalog

La política religiosa de Toussaint L'Ouverture en Santo Domingo / (Record no. 30720)

MARC details
000 -CABECERA
campo de control de longitud fija 00871nam a2200193 a 4500
001 - NÚMERO DE CONTROL
campo de control 000031228
005 - FECHA Y HORA DE LA ÚLTIMA TRANSACCIÓN
campo de control 20240305082246.0
008 - DATOS DE LONGITUD FIJA--INFORMACIÓN GENERAL
campo de control de longitud fija 110615s1984 dr a 000 | spa d
040 ## - FUENTE DE LA CATALOGACIÓN
Centro catalogador/agencia de origen DO-SdBNP
Lengua de catalogación spa
Centro/agencia transcriptor BNPHU
082 ## - NÚMERO DE LA CLASIFICACIÓN DECIMAL DEWEY
Número de clasificación xxx
Número de documento/Ítem P438p
049 ## - FONDOS LOCALES (OCLC)
Fondos de biblioteca BNPD
100 1# - ENTRADA PRINCIPAL--NOMBRE DE PERSONA
Nombre de persona Pérez Memén, Fernando,
Fechas asociadas al nombre 1943-
9 (RLIN) 38744
245 13 - MENCIÓN DE TÍTULO
Título La política religiosa de Toussaint L'Ouverture en Santo Domingo /
Mención de responsabilidad, etc. Fernando Pérez Memén.
260 ## - PUBLICACIÓN, DISTRIBUCIÓN, ETC.
Lugar de publicación, distribución, etc. Santo Domingo :
Nombre del editor, distribuidor, etc. Taller,
Fecha de publicación, distribución, etc. 1984.
300 ## - DESCRIPCIÓN FÍSICA
Extensión 26 p. :
Otras características físicas il. ;
Dimensiones 23 cm.
490 1# - MENCIÓN DE SERIE
Mención de serie Ciclo de conferencias pensamiento dominicano
Designación de volumen o secuencia 6
500 ## - NOTA GENERAL
Nota general Ponencia presentada por el Dr. Fernando A. Pérez Memén en el Primer Congreso de Historiadores Dominicanos, organizado por el Museo Nacional de Historia y Geografía, Museo de las Casas Reales y Fundación García Arévalo.
830 #0 - PUNTO DE ACCESO ADICIONAL DE SERIE-TÍTULO UNIFORME
Título uniforme Ciclo de conferencias pensamiento dominicano;
Número de parte o sección de la obra 6
9 (RLIN) 57697
Holdings
Estado de retiro Estado de pérdida Restricciones de uso No para préstamo Código de colección Localización permanente Ubicación/localización actual Ubicación en estantería Fecha de adquisición Número de inventario Total de préstamos Signatura topográfica completa Código de barras Fecha visto por última vez Número de copia Precio válido a partir de Tipo de ítem Koha Nota pública
        Dominicana de Servicio General General En catalogación 15.06.2011 LF1   xxx P438p 31228-30 25.06.2020 e.3 25.06.2020 Libro y Folleto Colección Dominicana de Servicio  
        Dominicana de Servicio General General En catalogación 15.06.2011 LF1   xxx P438p 31228-40 25.06.2020 e.4 25.06.2020 Libro y Folleto Colección Dominicana de Servicio  
        Dominicana de Servicio General General En catalogación 15.06.2011 LF1   xxx P438p 31228-50 25.06.2020 e.5 25.06.2020 Libro y Folleto Colección Dominicana de Servicio  
      Excluido de préstamo Patrimonio Dominicano Patrimonio Dominicano Patrimonio Dominicano En catalogación 15.06.2011 LF1   xxx P438p 31228-20 25.06.2020 e.2 25.06.2020 Libro y Folleto Colección Patrimonio Dominicano  
      Excluido de préstamo Raros y valiosos Patrimonio Dominicano Patrimonio Dominicano En catalogación 15.06.2011 LF1   xxx P438p 31228-10 25.06.2020   25.06.2020 No se presta Perteneció a la biblioteca personal de Aída Cartagena Portalatín.

Powered by Koha